Normal view
MARC view
Entry Personal Name
001 - CONTROL NUMBER
- control field: 85941
003 - CONTROL NUMBER IDENTIFIER
- control field: dpl
005 - DATE AND TIME OF LATEST TRANSACTION
- control field: 20251209112001.0
008 - FIXED-LENGTH DATA ELEMENTS
- fixed length control field: 251209|| aca||aabn | a|a d
040 ## - CATALOGING SOURCE
- Original cataloging agency: dpl
- Transcribing agency: dpl
100 ## - HEADING--PERSONAL NAME
- Personal name: पाण्डेय, राजेन्द्र
670 ## - SOURCE DATA FOUND
- Source citation: Work cat.: (dpl)209985: पाण्डेय, राजेन्द्र , बच्चे क्यों बिगड़ते हैं ? /, 2024
